| 000 | 00408 a2200121 4500 | ||
|---|---|---|---|
| 001 | ART_10083 | ||
| 005 | 20260410161612.0 | ||
| 008 | 260409a | ||
| 245 | 1 | 0 | _aCómo reclutar a un equipo de alto desempeño de otra empresa |
| 100 | 1 | _aGroysberg, Boris | |
| 700 | 1 | _aAbrahams, Robin | |
| 773 | 0 |
_tHarvard Business Review _gLiberar un gran desempeño - Vol. 84, Nº 12 (dic. 2006) _wREV340 |
|
| 999 |
_c10755 _d10755 |
||